The World-Famous Webster's New School & Office Dictionary
Guardado en:
| Hovedforfatter: | |
|---|---|
| Format: | Bog |
| Sprog: | Undetermined |
| Udgivet: |
Greenwich, Estados Unidos
Fawcett Publications
1960
|
| Fag: | |
| Tags: |
Tilføj Tag
Ingen Tags, Vær først til at tagge denne postø!
|
MARC
| LEADER | 00000nam a2200000Ia 4500 | ||
|---|---|---|---|
| 008 | 170316s9999 xx 000 0 und d | ||
| 040 | |a cru BVZT | ||
| 090 | |a R-413 W-1.1w ING-ING | ||
| 100 | |a Webster, Noah | ||
| 245 | 4 | |a The World-Famous Webster's New School & Office Dictionary | |
| 260 | |a Greenwich, Estados Unidos | ||
| 260 | |b Fawcett Publications | ||
| 260 | |c 1960 | ||
| 300 | |a 896 páginas | ||
| 650 | |a REFERENCIA | ||
| 650 | |a DICCIONARIO | ||
| 650 | |a IDIOMA INGLÉS | ||
| 942 | |c REF | ||
| 999 | |c 14726 |d 14726 | ||
